000 00465 a2200145 4500
999 _c9893
_d9893
020 _a9788131315927
050 _aG155.4 DIX 2012
100 _aDixit, Saurabh
_eauthor
245 _aInformation technology in tourism /
_cSaurabh Kumar Dixit
264 _aNew Delhi :.
_b APH Pub. Corp.,
_c 2012
300 _axiv, 200 pages : illustrations ; 23 cm
500 _aincludes index
650 _aTourism -- Information technology
_xIndia.
942 _2lcc
_cBK
_h155.4
_iDIX
_kG